000 00616nam a2200217 i 4500
001 61380
003 ES-MaACL
005 20230906164438.0
007 t|
008 031111s1962 sp ||||1| cat d
100 1 _aEvely, Louis.
_948385
245 1 0 _aPare Nostre /
_cLouis Evely ; traductor, Alfons Romeu.
260 _aBarcelona :
_bEstela,
_c[1962]
300 _a162 p. ;
_c20 cm.
490 1 _aEspiritualitat ;
_v13
630 0 4 _aPadrenuestro.
_9167056
700 1 _aRomeu, Alfonso.
_999456
830 0 _aEspiritualitat ;
_v13
_9182793
852 _aES-MaACL
_jC-25173
_bR.50919
999 _c61380
_d61380